Friction & flow stress in forming & cutting (Record no. 70719)

000 -LEADER
fixed length control field 00437nam a22001697a 4500
003 - CONTROL NUMBER IDENTIFIER
control field NUST - PNEC
005 - DATE AND TIME OF LATEST TRANSACTION
control field 20170116181146.0
008 - FIXED-LENGTH DATA ELEMENTS--GENERAL INFORMATION
fixed length control field 151012b xxu||||| |||| 00| 0 eng d
020 ## - INTERNATIONAL STANDARD BOOK NUMBER
International Standard Book Number 1903996414
040 ## - CATALOGING SOURCE
Transcribing agency LIBRARY
082 ## - DEWEY DECIMAL CLASSIFICATION NUMBER
Classification number 671 BOI
100 ## - MAIN ENTRY--PERSONAL NAME
9 (RLIN) 15018
Personal name Boisse, Philippe
245 ## - TITLE STATEMENT
Title Friction & flow stress in forming & cutting
Statement of responsibility, etc. Philippe Boisse
260 ## - PUBLICATION, DISTRIBUTION, ETC.
Date of publication, distribution, etc. c.2007
650 ## - SUBJECT ADDED ENTRY--TOPICAL TERM
9 (RLIN) 15022
Topical term or geographic name entry element Friction
General subdivision EE
942 ## - ADDED ENTRY ELEMENTS (KOHA)
Source of classification or shelving scheme
Koha item type Book
Holdings
Withdrawn status Lost status Source of classification or shelving scheme Damaged status Not for loan Permanent Location Current Location Shelving location Date acquired Total Checkouts Full call number Barcode Date last seen Price effective from Koha item type
          Pakistan Navy Engineering College (PNEC) Pakistan Navy Engineering College (PNEC)       671 BOI PNECLIB-030490 10/12/2015   Book
© 2023 Central Library, National University of Sciences and Technology. All Rights Reserved.